| 000 | 00553nam a2200193Ia 4500 | ||
|---|---|---|---|
| 005 | 20250326145314.0 | ||
| 008 | 250326s9999 xx 000 0 und d | ||
| 037 | _aTextbook | ||
| 040 |
_aFMSL _beng _cFMSL |
||
| 041 |
_aeng _2eng |
||
| 084 |
_aX:892B Q1 _qFMSL |
||
| 100 |
_aJones P _965969 |
||
| 245 | 0 |
_aStrategy mapping for learning organizations _cJones P |
|
| 260 |
_aUnited Kingdom _bUnited Kingdom, Gower _c2011 |
||
| 365 | _b6116.6000000000004 | ||
| 650 | _aManagement | ||
| 942 |
_cTB _hX:892B Q1 |
||
| 999 |
_c1307114 _d1307114 |
||